<?xml version="1.0" encoding="UTF-8"?>
<record
    xmlns:xsi="http://www.w3.org/2001/XMLSchema-instance"
    xsi:schemaLocation="http://www.loc.gov/MARC21/slim http://www.loc.gov/standards/marcxml/schema/MARC21slim.xsd"
    xmlns="http://www.loc.gov/MARC21/slim">

  <leader>00933cam a2200289 i 4500</leader>
  <datafield tag="999" ind1=" " ind2=" ">
    <subfield code="c">7019</subfield>
    <subfield code="d">7019</subfield>
  </datafield>
  <datafield tag="020" ind1=" " ind2=" ">
    <subfield code="a">9789861858883</subfield>
    <subfield code="c">&#x65B0;&#x81FA;&#x5E63;280&#x5143; (&#x5E73;&#x88DD;)</subfield>
  </datafield>
  <datafield tag="100" ind1="1" ind2=" ">
    <subfield code="a">&#x6234;&#x66F4;&#x57FA;</subfield>
  </datafield>
  <datafield tag="245" ind1="1" ind2="0">
    <subfield code="a">&#x72D7;&#x72D7;&#x9019;&#x6A23;&#x6559;, &#x4E3B;&#x4EBA;&#x597D;&#x8F15;&#x9B06;2 :</subfield>
    <subfield code="b">&#x4E0D;&#x6253;&#x4E0D;&#x7F75;&#x4E0D;&#x95DC;, 33&#x62DB;&#x89E3;&#x6C7A;&#x6240;&#x6709;&#x72D7;&#x72D7;&#x554F;&#x984C; /</subfield>
    <subfield code="c">&#x6234;&#x66F4;&#x57FA;&#x8457;</subfield>
  </datafield>
  <datafield tag="250" ind1=" " ind2=" ">
    <subfield code="a">&#x521D;&#x7248;</subfield>
  </datafield>
  <datafield tag="260" ind1=" " ind2=" ">
    <subfield code="a">&#x81FA;&#x5317;&#x5E02; :</subfield>
    <subfield code="b">&#x9AD8;&#x5BF6;&#x570B;&#x969B;,</subfield>
    <subfield code="c">2013[&#x6C11;102]</subfield>
  </datafield>
  <datafield tag="300" ind1=" " ind2=" ">
    <subfield code="a">220&#x9762; :</subfield>
    <subfield code="b">&#x5716; ;</subfield>
    <subfield code="c">21&#x516C;&#x5206;</subfield>
  </datafield>
  <datafield tag="490" ind1="1" ind2=" ">
    <subfield code="a">&#x65B0;&#x8996;&#x91CE;</subfield>
    <subfield code="a">New Window</subfield>
    <subfield code="v">138.</subfield>
  </datafield>
  <datafield tag="942" ind1=" " ind2=" ">
    <subfield code="2">ccl</subfield>
    <subfield code="c">BOOK</subfield>
  </datafield>
  <datafield tag="952" ind1=" " ind2=" ">
    <subfield code="0">0</subfield>
    <subfield code="1">0</subfield>
    <subfield code="2">ccl</subfield>
    <subfield code="4">0</subfield>
    <subfield code="7">0</subfield>
    <subfield code="a">yeezen</subfield>
    <subfield code="b">yeezen</subfield>
    <subfield code="c">YEEZEN</subfield>
    <subfield code="d">2020-01-17</subfield>
    <subfield code="l">7</subfield>
    <subfield code="m">5</subfield>
    <subfield code="o">437.354</subfield>
    <subfield code="p">C02622</subfield>
    <subfield code="r">2023-12-11 00:00:00</subfield>
    <subfield code="s">2023-11-14</subfield>
    <subfield code="w">2020-01-17</subfield>
    <subfield code="y">BOOK</subfield>
    <subfield code="z">&#x8A13;&#x7DF4;&#x72D7;&#x72D7;&#x4E0D;&#x662F;&#x58D3;&#x5236;&#x7260;&#x3001;&#x6253;&#x7260;&#x3001;&#x544A;&#x8A34;&#x7260;&#x8AB0;&#x662F;BOSS&#xFF01;&#x72D7;&#x72D7;&#x5176;&#x5BE6;&#x8DDF;&#x6211;&#x5011;&#x5F88;&#x50CF;&#xFF0C;&#x5982;&#x679C;&#x4F60;&#x4E0D;&#x60F3;&#x56DE;&#x5230;&#x904E;&#x53BB;&#x541B;&#x4E3B;&#x7D71;&#x6CBB;&#x7684;&#x6642;&#x4EE3;&#xFF0C;&#x88AB;&#x7576;&#x6210;&#x5974;&#x96B8;&#x97AD;&#x6253;&#xFF0C;&#x5C31;&#x4E0D;&#x8981;&#x5F37;&#x8FEB;&#x72D7;&#x72D7;&#x5C48;&#x670D;&#x5728;&#x4F60;&#x7684;&#x4E3B;&#x4EBA;&#x6B0A;&#x5A01;&#x53CA;&#x97AD;&#x5B50;&#x4E4B;&#x4E0B;&#xFF01;</subfield>
  </datafield>
</record>
